[Event "Arab-chT (Women)"]
[Site "Hammamet"]
[Date "2019.03.05"]
[Round "4.2"]
[White "Al Maamari, Wafia Darwish"]
[Black "Toubal, Hayat"]
[Result "1/2-1/2"]
[WhiteElo "1883"]
[BlackElo "1828"]
[PlyCount "56"]
[EventDate "2019.03.03"]
[EventType "team-tourn"]
[EventRounds "6"]
[EventCountry "TUN"]
[SourceTitle "CBM 190 Extra"]
[Source "ChessBase"]
[SourceDate "2019.07.15"]
[SourceVersion "1"]
[SourceVersionDate "2019.07.15"]
[SourceQuality "1"]
[WhiteTeam "UAE (W)"]
[BlackTeam "Algeria (W)"]
[WhiteTeamCountry "UAE"]
[BlackTeamCountry "ALG"]

1. e4 c6 2. d4 d5 3. Nc3 dxe4 4. Nxe4 Nf6 5. Nxf6+ gxf6 6. c3 Bf5 7. Nf3 e6 8. Bf4 Bd6 9. Bxd6 Qxd6 10. Be2 Nd7 11. 0-0 Qf4 12. Qd2 Qxd2 13. Nxd2 Nb6 14. Bf3 0-0-0 15. Be4 Bg6 16. Bxg6 hxg6 17. Ne4 f5 18. Ng5 Rd7 19. Rfe1 Rh5 20. f4 Nd5 21. g3 Nf6 22. Re2 Nh7 23. Nxh7 Rxh7 24. Re5 Rh8 25. Rae1 Rhd8 26. Kf2 Rh8 27. Kg2 Rhd8 28. Kf2 Rh8 1/2-1/2

[Event "Arab-ch (Women)"]
[Site "Dubai"]
[Date "2018.12.05"]
[Round "9"]
[White "Toubal, Hayat"]
[Black "Alsalti, Rania"]
[Result "1-0"]
[WhiteElo "1867"]
[BlackElo "1191"]
[PlyCount "61"]
[EventDate "2018.11.28"]
[EventType "swiss"]
[EventRounds "9"]
[EventCountry "UAE"]
[SourceTitle "CBM 187 Extra"]
[Source "ChessBase"]
[SourceDate "2018.11.04"]
[SourceVersion "1"]
[SourceVersionDate "2018.11.04"]
[SourceQuality "1"]

1. d4 d5 2. c4 e6 3. Nc3 Nf6 4. Bg5 Be7 5. e3 h6 6. Bh4 g5 7. Bg3 Nbd7 8. Qb3 Nb6 9. c5 Nbd7 10. Nf3 Ne4 11. Nxe4 dxe4 12. Nd2 Nf6 13. Be5 0-0 14. Bxf6 Bxf6 15. Nxe4 b6 16. Nxf6+ Qxf6 17. Rc1 Bd7 18. c6 Bc8 19. Be2 e5 20. d5 a5 21. a4 Ba6 22. Bxa6 Rxa6 23. h4 Raa8 24. Rc4 Rad8 25. Qd1 Rfe8 26. hxg5 Qxg5 27. Rg4 f6 28. Rxh6 Qxg4 29. Qxg4+ Kf7 30. Rh7+ Kf8 31. Qg7# 1-0

[Event "Arab-ch (Women)"]
[Site "Dubai"]
[Date "2018.12.02"]
[Round "6"]
[White "Toubal, Hayat"]
[Black "Rouda Essa, Alserkal"]
[Result "1/2-1/2"]
[WhiteElo "1867"]
[BlackElo "1525"]
[PlyCount "105"]
[EventDate "2018.11.28"]
[EventType "swiss"]
[EventRounds "9"]
[EventCountry "UAE"]
[SourceTitle "CBM 187 Extra"]
[Source "ChessBase"]
[SourceDate "2018.11.04"]
[SourceVersion "1"]
[SourceVersionDate "2018.11.04"]
[SourceQuality "1"]

1. d4 Nf6 2. c4 g6 3. Bg5 Bg7 4. Nf3 0-0 5. Nc3 d6 6. h3 c5 7. d5 Nbd7 8. e3 h6 9. Bh4 Qe8 10. Bg3 a6 11. Be2 Nh7 12. Qd2 Nb6 13. Rc1 Bd7 14. 0-0 Rc8 15. Rfe1 Qd8 16. Bf1 Na4 17. Nxa4 Bxa4 18. Rb1 Qb6 19. Rec1 Qb4 20. Qe2 a5 21. Ne1 Qb6 22. Nd3 Qa6 23. Qd2 Ng5 24. f3 Rfd8 25. Bh4 Bf6 26. Be1 b6 27. Kh1 Qa7 28. Nf2 Bg7 29. e4 Qb8 30. Qe2 Nh7 31. Bc3 Bd7 32. Bxg7 Kxg7 33. Rc3 Qc7 34. Re1 Rb8 35. Qd2 Nf6 36. f4 Bc8 37. a4 e6 38. Rce3 Kh7 39. Bd3 Rg8 40. Bc2 Rb7 41. Rd1 Ne8 42. e5 exd5 43. Qxd5 dxe5 44. fxe5 Be6 45. Qe4 Bf5 46. Qf3 Bxc2 47. Ra1 Bf5 48. Rd1 Bc2 49. Ra1 Bf5 50. Rd1 Bc2 51. Ra1 Bf5 52. Rd1 Bc2 53. Ra1 1/2-1/2

[Event "Arab-ch (Women)"]
[Site "Dubai"]
[Date "2018.11.29"]
[Round "2"]
[White "Jalloul, Maya M"]
[Black "Toubal, Hayat"]
[Result "1-0"]
[WhiteElo "1874"]
[BlackElo "1867"]
[PlyCount "129"]
[EventDate "2018.11.28"]
[EventType "swiss"]
[EventRounds "9"]
[EventCountry "UAE"]
[SourceTitle "CBM 187 Extra"]
[Source "ChessBase"]
[SourceDate "2018.11.04"]
[SourceVersion "1"]
[SourceVersionDate "2018.11.04"]
[SourceQuality "1"]

1. c4 f5 2. g3 e6 3. Bg2 Nf6 4. Nf3 Be7 5. 0-0 c6 6. Nc3 0-0 7. d3 d5 8. e4 d4 9. Ne2 c5 10. exf5 exf5 11. Re1 Nc6 12. Nf4 Bd6 13. Ng5 Re8 14. Nd5 Ng4 15. h3 Rxe1+ 16. Qxe1 Nge5 17. Qe2 h6 18. Nf3 Ng6 19. Bd2 Bd7 20. Re1 Qf8 21. Nh2 Re8 22. Qh5 Rxe1+ 23. Bxe1 Be8 24. Qe2 Bf7 25. Bd2 Qd8 26. a3 Qf8 27. f4 Kh7 28. Nf3 Bxd5 29. Ng5+ Kh8 30. Bxd5 Qe7 31. Nf7+ Kh7 32. Qh5 Qf6 33. Nxd6 Qxd6 34. Qxf5 Nce7 35. Qe6 Qxe6 36. Bxe6 Nf8 37. Bg4 g6 38. Kf2 Kg7 39. b4 b6 40. bxc5 bxc5 41. Ba5 Nf5 42. Bc7 Nd7 43. Bf3 Kf7 44. Be4 Kf6 45. g4 Ng7 46. Bd5 Ne6 47. Bd6 Nef8 48. Kf3 Ne6 49. h4 Nd8 50. Ke4 a6 51. a4 Ne6 52. g5+ hxg5 53. hxg5+ Nxg5+ 54. fxg5+ Kxg5 55. Be7+ Kh5 56. Be6 Nb6 57. a5 Na4 58. Bd7 Nc3+ 59. Kf3 g5 60. Bxc5 Na2 61. Bxd4 Nc1 62. Bf5 Nb3 63. Bc3 Nc5 64. d4 Nb7 65. c5 1-0

[Event "Arab-ch (Women)"]
[Site "Dubai"]
[Date "2018.11.28"]
[Round "1"]
[White "Toubal, Hayat"]
[Black "Yasmin, Ali"]
[Result "1/2-1/2"]
[WhiteElo "1867"]
[BlackElo "1397"]
[PlyCount "104"]
[EventDate "2018.11.28"]
[EventType "swiss"]
[EventRounds "9"]
[EventCountry "UAE"]
[SourceTitle "CBM 187 Extra"]
[Source "ChessBase"]
[SourceDate "2018.11.04"]
[SourceVersion "1"]
[SourceVersionDate "2018.11.04"]
[SourceQuality "1"]

1. d4 d5 2. Nf3 Nf6 3. c4 dxc4 4. Nc3 a6 5. a4 Nc6 6. e4 Bg4 7. Be3 e6 8. e5 Nd5 9. Bxc4 Bb4 10. Bxd5 Qxd5 11. 0-0 Bxc3 12. bxc3 0-0 13. h3 Bxf3 14. Qxf3 Qxf3 15. gxf3 Ne7 16. Kh2 b5 17. Rfb1 c6 18. axb5 axb5 19. Bc1 Nd5 20. Ba3 Rfc8 21. Bb4 h5 22. h4 g6 23. Kg3 Rd8 24. Rxa8 Rxa8 25. Rb2 Ra1 26. Rb3 Ra2 27. Ba3 Nb6 28. Bc5 Nc4 29. Rb1 Kg7 30. Be7 Nb6 31. Bc5 Na4 32. Bb4 Rc2 33. Rb3 Nb2 34. Rxb2 Rxb2 35. f4 f5 36. Kg2 Kf7 37. Kf3 Ke8 38. Kg2 Kd7 39. Kf3 Rc2 40. Kg3 Rc1 41. Kg2 c5 42. dxc5 Kc6 43. f3 Rc2+ 44. Kg3 Rc1 45. Kg2 Rd1 46. Kf2 Rd2+ 47. Kg3 Rd8 48. Kf2 Kd5 49. Ke2 Kc4 50. Ke3 Kd5 51. Kd3 Kc6+ 52. Ke2 Kd5 1/2-1/2

[Event "World-ch (Women) k.o."]
[Site "Khanty-Mansiysk"]
[Date "2018.11.04"]
[Round "1.2"]
[White "Toubal, Hayat"]
[Black "Koneru, Humpy"]
[Result "0-1"]
[WhiteElo "1870"]
[BlackElo "2548"]
[PlyCount "92"]
[EventDate "2018.11.03"]
[EventType "k.o."]
[EventRounds "6"]
[EventCountry "RUS"]
[SourceTitle "CBM 187 Extra"]
[Source "ChessBase"]
[SourceDate "2018.11.04"]
[SourceVersion "1"]
[SourceVersionDate "2018.11.04"]
[SourceQuality "1"]

1. d4 d5 2. Nf3 c5 3. e3 Nf6 4. Nbd2 Nbd7 5. b3 g6 6. Bd3 Bg7 7. Bb2 0-0 8. 0-0 b6 9. Qe2 Bb7 10. c4 Rc8 11. Rac1 e6 12. Rfd1 Qe7 13. h3 cxd4 14. exd4 Bh6 15. Rc3 Rfd8 16. Ne5 Nxe5 17. dxe5 Ne4 18. Bxe4 dxe4 19. Nf1 Bf4 20. Rc2 Qc5 21. Re1 Rd3 22. Qg4 Bxe5 23. Bxe5 Qxe5 24. Ng3 Rcd8 25. Rce2 f5 26. Qg5 Qg7 27. Rc2 h6 28. Qc1 R8d7 29. Qa3 Rd1 30. Rc1 Rxe1+ 31. Rxe1 Qc3 32. Rc1 Qd2 33. Nf1 Qg5 34. c5 bxc5 35. Qxc5 f4 36. Qc4 Qd5 37. Qc2 Kh7 38. Qe2 h5 39. Qb2 Qg5 40. Kh2 Ba6 41. Qa3 Bxf1 42. Rxf1 f3 43. gxf3 Qf4+ 44. Kg2 exf3+ 45. Kh1 Qg5 46. Rg1 Rd1 0-1

[Event "Olympiad Women-43"]
[Site "Batumi"]
[Date "2018.09.25"]
[Round "2.13"]
[White "Velikic, Adela"]
[Black "Toubal, Hayat"]
[Result "0-1"]
[WhiteElo "2339"]
[BlackElo "1862"]
[PlyCount "70"]
[EventDate "2018.09.24"]
[EventType "team-swiss"]
[EventRounds "11"]
[EventCountry "GEO"]
[SourceTitle "EXT 2020"]
[Source "ChessBase"]
[SourceDate "2019.10.17"]
[SourceVersion "1"]
[SourceVersionDate "2019.10.17"]
[SourceQuality "1"]
[WhiteTeam "Serbia (W)"]
[BlackTeam "Algeria (W)"]
[WhiteTeamCountry "SRB"]
[BlackTeamCountry "ALG"]

1. e4 c6 2. d4 d5 3. e5 c5 4. dxc5 e6 5. Nf3 Bxc5 6. Be2 Ne7 7. a3 a5 8. 0-0 Nbc6 9. Bd3 Ng6 10. Qe2 Bd7 11. Re1 0-0 12. Be3 Bb6 13. Nbd2 Qc7 14. c3 Bxe3 15. Qxe3 Rfb8 16. c4 dxc4 17. Nxc4 b5 18. Ncd2 Nce7 19. Ng5 Bc6 20. Rac1 Qb6 21. Qg3 Rd8 22. Bxg6 Nxg6 23. Nde4 Bxe4 24. Nxe4 Qd4 25. Nd6 b4 26. axb4 Qxb4 27. Nc4 Rd4 28. Nd6 Rd8 29. h3 Nxe5 30. Nf5 exf5 31. Qxe5 g6 32. Rc7 Rd2 33. Qf6 Rf8 34. Ree7 Rd1+ 35. Kh2 Qf4+ 0-1

[Event "Arab-ch Rapid (Women) 17"]
[Site "Sharjah"]
[Date "2018.01.31"]
[Round "7.1"]
[White "Toubal, Hayat"]
[Black "Boshra, Alshaeby"]
[Result "1-0"]
[WhiteElo "1919"]
[BlackElo "1933"]
[PlyCount "107"]
[EventDate "2018.01.31"]
[EventType "swiss (rapid)"]
[EventRounds "7"]
[EventCountry "UAE"]
[SourceTitle "EXT 2024"]
[Source "ChessBase"]
[SourceDate "2023.10.10"]
[SourceVersion "1"]
[SourceVersionDate "2023.10.10"]
[SourceQuality "1"]

1. d4 Nf6 2. Nf3 g6 3. Bf4 Bg7 4. e3 d6 5. h3 0-0 6. Nbd2 b6 7. Be2 Bb7 8. 0-0 c5 9. c3 Nc6 10. Bh2 Rc8 11. Qa4 Nd7 12. Ba6 Bxa6 13. Qxa6 e5 14. d5 Ne7 15. e4 Qc7 16. Qc4 b5 17. Qxb5 Rb8 18. Qa4 Rxb2 19. Nc4 Rbb8 20. Rab1 Nb6 21. Nxb6 Rxb6 22. c4 Rfb8 23. Qc2 Bh6 24. Bg3 f5 25. Bh4 fxe4 26. Qxe4 Nf5 27. Bg5 Bg7 28. Qc2 Rb4 29. Bd2 Rxb1 30. Rxb1 Nd4 31. Nxd4 exd4 32. Rxb8+ Qxb8 33. Bf4 Qf8 34. Qe4 d3 35. g3 Qf5 36. Qxf5 gxf5 37. Bd2 Kf7 38. Kg2 Bd4 39. Kf3 Kf6 40. g4 fxg4+ 41. hxg4 Ke5 42. Bf4+ Kf6 43. Ke4 Bxf2 44. Kxd3 Ke7 45. Ke4 Bh4 46. Kf5 Kd7 47. g5 Ke7 48. Kg4 Be1 49. Kh5 Kf7 50. Bxd6 Bf2 51. Bb8 a6 52. Kh6 Be3 53. Bd6 Bd4 54. Kxh7 1-0

[Event "ALG-ch (Women)"]
[Site "Algiers"]
[Date "2017.10.22"]
[Round "4"]
[White "Latreche, Sabrina"]
[Black "Toubal, Hayat"]
[Result "1-0"]
[WhiteElo "2004"]
[BlackElo "1936"]
[PlyCount "67"]
[EventDate "2017.10.20"]
[EventType "tourn"]
[EventRounds "7"]
[EventCountry "ALG"]
[SourceTitle "CBM 181 Extra"]
[Source "ChessBase"]
[SourceDate "2017.12.12"]
[SourceVersion "1"]
[SourceVersionDate "2017.12.12"]
[SourceQuality "1"]

1. e4 c6 2. d4 d5 3. exd5 cxd5 4. Bd3 Nc6 5. c3 Nf6 6. Bf4 e6 7. Nf3 Be7 8. 0-0 0-0 9. Ne5 Qb6 10. Qe2 Re8 11. Re1 a6 12. h3 Bd8 13. Na3 Be7 14. Nc2 Qd8 15. Ne3 Bf8 16. Bg5 h6 17. Bh4 Be7 18. Bg3 Bd6 19. N3g4 Nxg4 20. Qxg4 f5 21. Qg6 Bxe5 22. Bxe5 Nxe5 23. Rxe5 Bd7 24. Rae1 Qg5 25. Bxf5 exf5 26. Rxe8+ Rxe8 27. Rxe8+ Bxe8 28. Qxe8+ Kh7 29. Qe1 h5 30. b3 b5 31. Qe5 Qc1+ 32. Kh2 Qc2 33. Qxd5 Qxf2 34. Qf3 1-0

[Event "Algiers zt 4.1 (Women)"]
[Site "Algiers"]
[Date "2017.05.17"]
[Round "8"]
[White "Mezioud, Amina"]
[Black "Toubal, Hayat"]
[Result "1-0"]
[WhiteElo "2052"]
[BlackElo "1902"]
[PlyCount "73"]
[EventDate "2017.05.12"]
[EventType "tourn"]
[EventRounds "9"]
[EventCountry "ALG"]
[SourceTitle "CBM 178 Extra"]
[Source "ChessBase"]
[SourceDate "2017.06.22"]
[SourceVersion "1"]
[SourceVersionDate "2017.06.22"]
[SourceQuality "1"]

1. e4 c6 2. d4 d5 3. e5 Bf5 4. g4 Be4 5. f3 Bg6 6. Ne2 e6 7. h4 h5 8. Nf4 Ne7 9. Nc3 Nd7 10. Bg2 c5 11. dxc5 Qc7 12. Qe2 a6 13. Be3 Qxe5 14. 0-0-0 0-0-0 15. Nxg6 Nxg6 16. c6 Nc5 17. cxb7+ Kxb7 18. Qf2 Qc7 19. f4 Be7 20. g5 Kc8 21. Rhf1 Bd6 22. Rd4 Ne7 23. Bh3 Qc6 24. Rfd1 Bc7 25. Rb4 Nb7 26. Ne2 g6 27. Rb3 Ba5 28. Bd4 Rhe8 29. Bc3 Nc5 30. Ra3 Bb6 31. Qf1 Kb7 32. Nd4 Qc7 33. b4 Ra8 34. bxc5 Qxc5 35. Rb3 Rec8 36. Bb4 Qc7 37. Ba5 1-0

[Event "Algiers zt 4.1 (Women)"]
[Site "Algiers"]
[Date "2017.05.16"]
[Round "7"]
[White "Toubal, Hayat"]
[Black "Latreche, Sabrina"]
[Result "1/2-1/2"]
[WhiteElo "1902"]
[BlackElo "2054"]
[PlyCount "61"]
[EventDate "2017.05.12"]
[EventType "tourn"]
[EventRounds "9"]
[EventCountry "ALG"]
[SourceTitle "CBM 178 Extra"]
[Source "ChessBase"]
[SourceDate "2017.06.22"]
[SourceVersion "1"]
[SourceVersionDate "2017.06.22"]
[SourceQuality "1"]

1. d4 e6 2. Nf3 c5 3. c4 cxd4 4. Qxd4 Nc6 5. Qd1 Nf6 6. Nc3 Bc5 7. e3 0-0 8. Be2 Qe7 9. 0-0 h6 10. h3 d6 11. a3 a5 12. Na4 Ba7 13. Qc2 Bd7 14. Bd2 Rac8 15. Nc3 d5 16. cxd5 exd5 17. Rfe1 Rfd8 18. Rad1 Be6 19. Bd3 d4 20. exd4 Nxd4 21. Nxd4 Bxd4 22. Qb1 Qc5 23. Re2 Qh5 24. Rde1 Bxh3 25. gxh3 Qxh3 26. Bf5 Qg3+ 27. Kh1 Qf3+ 28. Kg1 Qg3+ 29. Kh1 Qf3+ 30. Kg1 Qg3+ 31. Kh1 1/2-1/2

[Event "Olympiad Women-42"]
[Site "Baku"]
[Date "2016.09.09"]
[Round "7.4"]
[White "Zairbek Kyzy, Begimay"]
[Black "Toubal, Hayat"]
[Result "1/2-1/2"]
[WhiteElo "1836"]
[BlackElo "1921"]
[PlyCount "102"]
[EventDate "2016.09.02"]
[EventType "team-swiss"]
[EventRounds "11"]
[EventCountry "AZE"]
[SourceTitle "CBM 174 Extra"]
[Source "ChessBase"]
[SourceDate "2016.10.10"]
[SourceVersion "1"]
[SourceVersionDate "2016.10.10"]
[SourceQuality "1"]
[WhiteTeam "Kyrgyzstan (W)"]
[BlackTeam "Algeria (W)"]
[WhiteTeamCountry "KGZ"]
[BlackTeamCountry "ALG"]

1. e4 c6 2. d4 d5 3. e5 Bf5 4. g4 Bg6 5. Bd3 Bxd3 6. Qxd3 e6 7. c3 Nd7 8. Ne2 c5 9. Nd2 Ne7 10. a3 c4 11. Qg3 Nc6 12. f4 Be7 13. Nf3 Qb6 14. Qg2 Na5 15. Ng3 Nb3 16. Rb1 Nxc1 17. Rxc1 a5 18. f5 a4 19. 0-0 h6 20. Rce1 0-0-0 21. Rb1 Rdf8 22. Kh1 Rfg8 23. fxe6 fxe6 24. Qc2 Qc6 25. Qg6 Nf8 26. Qf7 Qd7 27. Ng1 g5 28. Nh5 Rg6 29. Ne2 Rh7 30. Qf3 Rg8 31. Qe3 Ng6 32. Nf6 Bxf6 33. Rxf6 Rf7 34. Qf2 Rgf8 35. Rf1 Rxf6 36. exf6 Rf7 37. Qe3 Qd6 38. Ng3 Nf4 39. Nf5 Qf8 40. Rxf4 gxf4 41. Qxe6+ Kb8 42. Qe5+ Ka8 43. Qxd5 Rxf6 44. Qxc4 Qe8 45. d5 f3 46. Kg1 h5 47. h3 hxg4 48. hxg4 Rxf5 49. gxf5 Qe1+ 50. Qf1 Qg3+ 51. Kh1 Qh4+ 1/2-1/2

[Event "ALG-ch (Women)"]
[Site "Algiers"]
[Date "2015.02.05"]
[Round "7"]
[White "Nassr, Lina"]
[Black "Toubal, Hayat"]
[Result "0-1"]
[WhiteElo "1656"]
[BlackElo "1889"]
[PlyCount "88"]
[EventDate "2015.01.31"]
[EventType "tourn"]
[EventRounds "9"]
[EventCountry "ALG"]
[SourceTitle "CBM 164 Extra"]
[Source "ChessBase"]
[SourceDate "2015.03.02"]
[SourceVersion "1"]
[SourceVersionDate "2015.03.02"]
[SourceQuality "1"]

1. d4 d5 2. Nf3 e6 3. e3 c6 4. Bd3 Nf6 5. Nbd2 Nbd7 6. b3 Qa5 7. Bb2 Ba3 8. Bxa3 Qxa3 9. c4 0-0 10. 0-0 Qd6 11. Qc2 h6 12. Rac1 e5 13. c5 Qe7 14. dxe5 Nxe5 15. Nxe5 Qxe5 16. b4 Bd7 17. Nf3 Qc7 18. Nd4 Ng4 19. g3 Qe5 20. Bf5 Rfd8 21. Bxd7 Rxd7 22. Qf5 Qxf5 23. Nxf5 Ne5 24. Rfd1 a5 25. a3 axb4 26. axb4 Ra4 27. Rd4 Nf3+ 28. Kg2 Nxd4 29. exd4 Rxb4 30. Kf3 h5 31. Ke3 g6 32. Nh4 Re7+ 33. Kd3 Re4 34. Nf3 Rb3+ 35. Rc3 Rxc3+ 36. Kxc3 Re2 37. Nd2 Rxf2 38. Nb3 Rxh2 39. Na5 Rh3 40. Nxb7 Rxg3+ 41. Kc2 h4 42. Nd8 h3 43. Nxc6 h2 44. Ne7+ Kg7 0-1

[Event "ALG-ch (Women)"]
[Site "Algiers"]
[Date "2015.02.03"]
[Round "5"]
[White "Toubal, Hayat"]
[Black "Mezioud, Amina"]
[Result "1-0"]
[WhiteElo "1889"]
[BlackElo "2071"]
[PlyCount "105"]
[EventDate "2015.01.31"]
[EventType "tourn"]
[EventRounds "9"]
[EventCountry "ALG"]
[SourceTitle "CBM 164 Extra"]
[Source "ChessBase"]
[SourceDate "2015.03.02"]
[SourceVersion "1"]
[SourceVersionDate "2015.03.02"]
[SourceQuality "1"]

1. d4 Nf6 2. h3 g6 3. Nc3 Bg7 4. e4 d6 5. Be2 c6 6. g4 Qa5 7. Qd3 Na6 8. f3 e5 9. dxe5 dxe5 10. Be3 Be6 11. Qd1 Nd7 12. a3 Qc7 13. Bxa6 bxa6 14. Qe2 Qb7 15. b3 Bf8 16. Qd2 Be7 17. Nge2 0-0-0 18. Qc1 f5 19. Qb2 Bh4+ 20. Kd1 f4 21. Bd2 Nc5 22. b4 Qd7 23. Nb1 Na4 24. Qxe5 Bc4 25. Qxf4 h6 26. Qe3 Bf6 27. Nbc3 Bxe2+ 28. Kxe2 Qxd2+ 29. Qxd2 Rxd2+ 30. Kxd2 Bxc3+ 31. Ke3 Bxa1 32. Rxa1 Nb6 33. f4 Kd7 34. Rd1+ Ke7 35. Rd3 Rc8 36. Rc3 Nd7 37. Kd4 Kd6 38. e5+ Ke7 39. f5 gxf5 40. gxf5 Nb6 41. Rg3 Rd8+ 42. Ke4 Kf7 43. e6+ Ke7 44. Rg7+ Kd6 45. Rxa7 Nd5 46. c4 Nf6+ 47. Kd4 c5+ 48. bxc5+ Kc6+ 49. Ke5 Nh5 50. e7 Rg8 51. f6 Rg5+ 52. Ke6 Nf4+ 53. Kf7 1-0